The Strokes Lyrics - Meet Me In The Bathroom - Statistics

General Stats
  • This quiz has been taken 43 times
  • The average score is 151 of 188
Answer Stats
Lyrics % Correct
bathroom",
100%
I
100%
in
100%
me
100%
"Meet
100%
my
100%
said
100%
she
100%
that
100%
the
100%
don't
96%
it
96%
"That's
96%
that's
96%
it's
93%
what
93%
what?)
93%
You
93%
you
93%
mind,
89%
mind
89%
true,
89%
true
89%
was
89%
we
89%
When
89%
when
89%
and,
85%
And,
85%
and
85%
can
85%
Oh
85%
Oh,
85%
say
85%
say,
85%
(Say
85%
they
85%
to
85%
mean
81%
on
81%
time,
81%
time
81%
love
78%
mine
78%
Never
78%
were
78%
ago
74%
as
74%
can't
74%
darling,
74%
long
74%
promises,
74%
promises
74%
Things
74%
celebrate"
70%
change
70%
dead
70%
eyes
70%
is
70%
just
70%
okay,
70%
once
70%
two
70%
would
70%
Yeah,
70%
yeah,
70%
yes,
70%
baby,
67%
friends
67%
her
67%
lust
67%
much
67%
Now
67%
showed
67%
waste
67%
fine,
63%
f***s
63%
he's
63%
not
63%
she's
63%
uncle
63%
After
59%
Anywhere
59%
close
59%
see,
59%
staring
56%
wide
56%
-eyed,
44%
taught
41%
trained
37%
Well,
33%
They'd
26%
hey
11%
No matching quizzes found
Score Distribution
Percent of People with Each Score
Percentile by Number Answered
Your Score History
You have not taken this quiz